| 000 | 00741nam a2200229 a 4500 | ||
|---|---|---|---|
| 999 |
_c2349 _d2349 |
||
| 005 | 20191024114811.0 | ||
| 008 | 140305t2000 ck a gr|||| 00| 0 spa d | ||
| 040 |
_aCO-BoIAVH _cCO-BoIAVH |
||
| 041 | 0 | _aspa | |
| 044 | _ack | ||
| 082 | 0 | 4 |
_a344.046 _bM66p |
| 110 | 2 |
_bColombia. _a Ministerio del Medio Ambiente |
|
| 245 | 1 |
_aProyecto de capacitación continuada para extensionistas rurales : _bdocumento síntesis |
|
| 260 |
_aBogotá : _bConvenio SENA Minambiente, _c2000. |
||
| 300 |
_a224 paginas : _bilustraciones ; _c24 x 23 cm. |
||
| 650 | 1 | 4 | _aExtensión rural |
| 650 | 2 | 4 | _aCapacitación |
| 650 | 2 | 4 | _aParticipación comunitaria |
| 662 | _aColombia | ||
| 710 | _aSENA | ||
| 942 |
_cLIBRO _2ddc |
||